Súčasné postavenie ekonomiky Európskej únie z hľadiska hrubého domáceho produktu

Charakteristika ekonomiky EÚ z pohľadu hrubého domáceho produktu. Teritoriálne rozdelenie celkového HDP EÚ28 podľa jednotlivých skupín ekonomík v roku 2016. Podiel ekonomiky EÚ na globálnom hrubom domácom produkte. Hospodársky rast ekonomiky EÚ a jej členov. Hrubý domáci produkt per capita ekonomiky...

Descripción completa

Guardado en:
Detalles Bibliográficos
Autor principal: Krátka, Jana
Formato: Capítulo de libro
Lenguaje:eslovaco
Materias:
Etiquetas: Agregar Etiqueta
Sin Etiquetas, Sea el primero en etiquetar este registro!

MARC

LEADER 00000nla a2200000 4500
001 0236370
005 20240502073826.1
041 0 |a slo 
044 |a SK 
245 1 0 |a Súčasné postavenie ekonomiky Európskej únie z hľadiska hrubého domáceho produktu  |c Jana Krátka 
520 |a Charakteristika ekonomiky EÚ z pohľadu hrubého domáceho produktu. Teritoriálne rozdelenie celkového HDP EÚ28 podľa jednotlivých skupín ekonomík v roku 2016. Podiel ekonomiky EÚ na globálnom hrubom domácom produkte. Hospodársky rast ekonomiky EÚ a jej členov. Hrubý domáci produkt per capita ekonomiky EÚ a jej členov. 
610 2 0 |a rast hospodársky 
610 2 0 |a produkt domáci hrubý 
610 2 0 |a hospodárstvo svetové 
610 2 0 |a Európska únia 
610 2 0 |a eurozóna 
610 2 0 |a USA 
610 2 0 |a svet 
100 1 |a Krátka, Jana